Pôvod a vývin človeka

Bibliographic Details
Main Author: Kudláček, Jozef (Author)
Format: Book
Language:Slovak
PhysicalDescription:56, [3] s. V. 8°
Published: Martin Osveta [1953]
Series:Veda ľudu
Subjects:

MARC

LEADER 00000nam a2200000 a 4500
001 vtls008381216
003 SK-MaSNL
005 20260301075446.0
008 251124s1953 xo slo
015 |a SKSNBA19451955-006151 
035 |a SK01SNKBKSFS20020073433 
035 |a SKM000075896 
040 |a SNK  |b slo  |c SNK  |e AACR2 
041 1 |a slo 
044 |a xo 
080 |a 572  |2 1981 
100 1 |a Kudláček, Jozef  |4 aut  |9 7064 
245 1 0 |a Pôvod a vývin človeka  |c Jozef Kudláček 
260 |a Martin  |b Osveta  |c [1953]  |e Martin  |f Severoslov. tlač. 
300 |a 56, [3] s.  |c V. 8° 
490 0 |a Veda ľudu  |v roč. 1., č. 32-33 
500 |a Ilustrované 
504 |a Literatúra 
650 0 7 |a človek  |2 SNKPH  |9 16150 
650 0 7 |a antropológia  |2 SNKPH  |9 717 
655 7 |a knihy  |2 SNKPH  |9 307098 
830 0 |a Veda ľudu  |9 303991 
852 |a Slovenská národná knižnica v Martine  |b 10000  |h MS SD 8271 
852 |a Univerzitná knižnica v Bratislave  |b 300000  |h SD 3835 
852 |a Univerzitná knižnica v Bratislave  |b 300000  |h XX D 3035 
852 |a Štátna vedecká knižnica v Košiciach  |b 900000  |h III 26249 
852 |a Ústredná knižnica SAV v Bratislave  |b 600000  |h A 10309-13 
852 |a Národní knihovna ČR Praha  |b 9090000  |h I 84245 
852 |a Univerzitní knihovna Praha  |b 9230000  |h 54 G 46585 
958 |a OND 
958 |a RK 
958 |a TL 
999 |c 650261  |d 652191 
952 |a SNK  |b SNK  |y VYP  |7 0  |p 17A1051687  |o snkSD 8271/1/32-33 D2  |i snkVIII. 4571/53  |0 0  |1 0  |4 0  |d 2012-09-21  |l 0  |r 2026-02-23 18:20:22  |w 2026-02-23 
952 |a SNK  |b SNK  |y VYP  |7 0  |p 17A0459231  |o snkSD 8271/1/32-33 D1  |i snkVIII. 4572/53  |0 0  |1 0  |4 0  |d 2012-09-19  |l 0  |r 2026-02-23 18:20:22  |w 2026-02-23 
952 |a SNK  |b SNK  |y PREZ  |7 0  |p 17A0955102  |o snkSD 8271/1/32-33  |0 0  |1 0  |4 0  |d 2013-05-28  |l 0  |r 2025-11-20 00:00:00  |w 2026-02-23